00647nam a2200181Ia 4500952014400000999001500144003000400159005001700163008004100180020001800221040000900239082001900248100002300267245007500290260004700365300000900412942004400421 00102ddc40708MANAGEMENTaMESbMEScMANAGEMENTd2019-02-20g180.00l0o658.401 LOM/Bp33247r2019-02-20 00:00:00w2019-02-20yBKzGL55R1 c7382d7382OSt20200127115940.0190216s9999||||xx |||||||||||||| ||und|| a9788125911630 coclc a658.401bLOM/B aLomash, Sukul9168 0aBusiness Policy And Strategic Management /cSukul Lomash ; P K Mishra  bVikas Publishing House,aNew Delhi:c2003. a381p cBK2ddch658.401iLOM/Bk658.401mLOM/B